| 000 | 01114nam a2200241 a 4500 | ||
|---|---|---|---|
| 008 | 120416s1991 ||||||||||||||||| || u | ||
| 020 | _a0074639919 | ||
| 050 | _aTS 155.6 Zei | ||
| 100 | _aZeid, Ibrahim | ||
| 245 | 1 | 0 | _aCAD/CAM |
| 246 | _atheory and practice | ||
| 260 |
_aNew Delhi _bTata McGraw-Hill _c1991 |
||
| 300 | _axxvi ; 1052p. ; ill. | ||
| 350 | _a0.00 | ||
| 490 | _aMcGraw-Hill series in mechanical engineering | ||
| 650 | _aENGINEERING | ||
| 650 | _aCAD/CAM SYSTEMS | ||
| 856 | _uhttp://www.loc.gov/catdir/toc/mh023/90042281.html | ||
| 856 | _uhttp://www.loc.gov/catdir/description/mh022/90042281.html | ||
| 995 |
_aMAIN LIBRARY OPEN ACCESS _D0.00 _e732452 _FCBU-MAIN LIBRARY (Kitwe) _H3 _I24.00 _jTS 155.6 Zei _M3 _UAVAILABLE _y029634 _ZMain Library Open Access Collection |
||
| 995 |
_aANNEX COLLECTION (Main Library) _D0.00 _e732451 _FCBU-MAIN LIBRARY (Kitwe) _H1 _I24.00 _jTS 155.6 Zei _M1 _UAVAILABLE _y029633 _ZAnnex Low-Usage Collection |
||
| 995 |
_aMAIN LIBRARY OPEN ACCESS _D0.00 _e732450 _FCBU-MAIN LIBRARY (Kitwe) _H2 _I24.00 _jTS 155.6 Zei _M2 _UAVAILABLE _y029635 _ZMain Library Open Access Collection |
||
| 999 |
_c77982 _d77982 |
||